[Event "ESP-ch Rapid"]
[Site "Linares"]
[Date "2023.08.19"]
[Round "3"]
[White "Aranda Marin, Cristian"]
[Black "Perez Guerra, Raul"]
[Result "1-0"]
[WhiteElo "2333"]
[BlackElo "2222"]
[PlyCount "67"]
[EventDate "2023.08.19"]
[EventType "swiss (rapid)"]
[EventRounds "10"]
[EventCountry "ESP"]
[SourceTitle "CBM 215 Extra"]
[Source "ChessBase"]
[SourceDate "2023.09.30"]
[SourceVersion "1"]
[SourceVersionDate "2023.09.30"]
[SourceQuality "1"]

1. Nf3 Nc6 2. c4 e5 3. d3 g6 4. Bg5 f6 5. Bd2 Bg7 6. Nc3 d6 7. g3 f5 8. Bg2 Nf6 9. 0-0 0-0 10. Qc1 f4 11. gxf4 Nh5 12. fxe5 dxe5 13. Bg5 Qe8 14. Nd5 Qf7 15. Be3 Bg4 16. Bc5 Rfe8 17. Ng5 Qd7 18. f3 Be6 19. Nxe6 Qxe6 20. Nxc7 Qf5 21. Nxe8 Nf4 22. Nd6 Qg5 23. Rf2 Bh6 24. Kh1 Qh4 25. Qg1 b6 26. Be3 Nxd3 27. exd3 Bxe3 28. Ne4 Nd4 29. Re1 Nf5 30. Bf1 Rd8 31. Rxe3 Nxe3 32. Qg5 Qxf2 33. Qxd8+ Kf7 34. Nxf2 1-0

[Event "ESP-ch Rapid"]
[Site "Linares"]
[Date "2023.08.19"]
[Round "1"]
[White "Aranda Marin, Cristian"]
[Black "Vilches del Castillo, Sergio"]
[Result "1-0"]
[WhiteElo "2333"]
[BlackElo "1971"]
[PlyCount "66"]
[EventDate "2023.08.19"]
[EventType "swiss (rapid)"]
[EventRounds "10"]
[EventCountry "ESP"]
[SourceTitle "CBM 215 Extra"]
[Source "ChessBase"]
[SourceDate "2023.09.30"]
[SourceVersion "1"]
[SourceVersionDate "2023.09.30"]
[SourceQuality "1"]

1. Nf3 Nf6 2. g3 g6 3. Bg2 Bg7 4. 0-0 0-0 5. d3 d6 6. c4 c5 7. Nc3 Nc6 8. a3 Rb8 9. Rb1 a6 10. b4 cxb4 11. axb4 Bg4 12. b5 axb5 13. Nxb5 Qd7 14. Bb2 Bh3 15. e4 Bxg2 16. Kxg2 Ra8 17. Ra1 Ra6 18. Nc3 Rfa8 19. Rb1 Nh5 20. h3 e6 21. Re1 Rb6 22. Nb5 Bxb2 23. Rxb2 d5 24. exd5 exd5 25. c5 Rba6 26. Nd6 b6 27. d4 bxc5 28. dxc5 Nf6 29. Rb7 Qd8 30. Nxf7 Qa5 31. Nh6+ Kh8 32. Re6 Nd8 33. Rxa6 Qxa6 1-0

[Event "La Palma Island op"]
[Site "Santa Cruz de La Palma"]
[Date "2023.08.07"]
[Round "4"]
[White "Aranda Marin, Cristian"]
[Black "Uzcategui Rodriguez, Alejandro"]
[Result "1-0"]
[WhiteElo "2333"]
[BlackElo "2256"]
[PlyCount "97"]
[EventDate "2023.08.05"]
[EventType "swiss"]
[EventRounds "9"]
[EventCountry "ESP"]
[SourceTitle "CBM 215 Extra"]
[Source "ChessBase"]
[SourceDate "2023.09.30"]
[SourceVersion "1"]
[SourceVersionDate "2023.09.30"]
[SourceQuality "1"]

1. d4 Nf6 2. Nc3 d5 3. Bg5 e6 4. e4 dxe4 5. Nxe4 Be7 6. Bxf6 gxf6 7. Nf3 f5 8. Nc3 a6 9. Qd2 b5 10. 0-0-0 Bb7 11. d5 b4 12. Bc4 bxc3 13. Qxc3 Bf6 14. Qb4 e5 15. Qxb7 Nd7 16. Qc6 0-0 17. d6 cxd6 18. Qxd6 e4 19. Qxd7 Qb6 20. Bb3 exf3 21. gxf3 a5 22. Rd6 Qxf2 23. Qxf5 Bg7 24. c3 a4 25. Bc2 Rfd8 26. Qxh7+ Kf8 27. Qd3 Qh4 28. Rd1 Rxd6 29. Qxd6+ Kg8 30. a3 Re8 31. Qd7 Rb8 32. Qc7 Re8 33. Kb1 Qf6 34. Bxa4 Qxf3 35. Qg3 Qe4+ 36. Bc2 Qc6 37. Rg1 Qf6 38. h4 Rd8 39. Qg5 Kf8 40. Qxf6 Bxf6 41. h5 Bg7 42. Rf1 Rb8 43. Ka2 Rb5 44. Bg6 f6 45. Re1 Rb8 46. c4 f5 47. b4 f4 48. c5 Rd8 49. Kb3 1-0

[Event "La Palma Island op"]
[Site "Santa Cruz de La Palma"]
[Date "2023.08.06"]
[Round "2"]
[White "Aranda Marin, Cristian"]
[Black "Perdomo Araujo, Angel Eduardo"]
[Result "1-0"]
[WhiteElo "2333"]
[BlackElo "2003"]
[PlyCount "103"]
[EventDate "2023.08.05"]
[EventType "swiss"]
[EventRounds "9"]
[EventCountry "ESP"]
[SourceTitle "CBM 215 Extra"]
[Source "ChessBase"]
[SourceDate "2023.09.30"]
[SourceVersion "1"]
[SourceVersionDate "2023.09.30"]
[SourceQuality "1"]

1. c4 Nf6 2. d4 g6 3. f3 Bg7 4. e4 d6 5. Nc3 0-0 6. Bg5 b6 7. Qd2 c5 8. d5 e6 9. 0-0-0 exd5 10. Bxf6 Bxf6 11. Qxd5 Be6 12. Qxd6 Qxd6 13. Rxd6 Be5 14. Rd1 Bxc3 15. bxc3 Nc6 16. Nh3 Na5 17. Nf4 Bxc4 18. Bxc4 Nxc4 19. Rd7 Ne5 20. Rd5 Nc4 21. h4 Rfd8 22. Rhd1 Re8 23. Rd7 Ne5 24. Rb7 Reb8 25. Rxb8+ Rxb8 26. Rd6 Kg7 27. Nd5 Rb7 28. f4 Nd3+ 29. Kd2 Nf2 30. Nf6 h5 31. e5 Ng4 32. Ne4 Kf8 33. Rd8+ Ke7 34. Rh8 Rd7+ 35. Ke2 Ke6 36. g3 Kd5 37. Nd2 b5 38. Rb8 Kc6 39. Ne4 Kd5 40. Nd2 Kc6 41. Nb3 Rc7 42. Na5+ Kd5 43. Rxb5 Ke4 44. Nb3 Kd5 45. Nd2 f6 46. exf6 Nxf6 47. Kd3 Ng4 48. c4+ Ke6 49. Ne4 Rd7+ 50. Kc3 Rd1 51. Rxc5 Ne3 52. Re5+ 1-0

[Event "Titled Tuesday intern op 18th Apr Late"]
[Site "Chess.com INT"]
[Date "2023.04.18"]
[Round "4"]
[White "Goltsev, Dmitry"]
[Black "Aranda Marin, Cristian"]
[Result "1-0"]
[WhiteElo "2216"]
[BlackElo "2333"]
[PlyCount "139"]
[EventDate "2023.04.18"]
[EventType "swiss (blitz)"]
[EventRounds "11"]
[EventCountry "USA"]
[SourceTitle "EXT 2024"]
[Source "ChessBase"]
[SourceDate "2023.10.10"]
[SourceVersion "1"]
[SourceVersionDate "2023.10.10"]
[SourceQuality "1"]

1. e4 e6 2. d4 d5 3. exd5 exd5 4. Nf3 c6 5. c4 Bd6 6. Nc3 Ne7 7. Bd3 dxc4 8. Bxc4 0-0 9. 0-0 Bg4 10. Bg5 Nd7 11. Re1 Nb6 12. Bb3 Qc7 13. Rc1 Ng6 14. h3 Bd7 15. Nb5 Qb8 16. Nxd6 Qxd6 17. Qc2 Rae8 18. Rcd1 Be6 19. Ne5 Bxb3 20. Qxb3 Qd5 21. Qxd5 Nxd5 22. Nd7 Rxe1+ 23. Rxe1 Rc8 24. g3 f6 25. Bd2 b6 26. Rc1 Nge7 27. b4 Rd8 28. Nc5 bxc5 29. Rxc5 Rb8 30. Ra5 Rb7 31. a3 Kf7 32. Kg2 Ke6 33. Ra6 Kd7 34. Ra5 Nc8 35. Rc5 Nd6 36. Kf3 g5 37. h4 h6 38. Rc1 Rb8 39. Kg4 Ne4 40. Be1 Ne7 41. f3 Nd6 42. Kh5 Rh8 43. Rc5 Ne8 44. Ra5 Ng7+ 45. Kg4 h5+ 46. Kh3 Ne6 47. Rxa7+ Kd6 48. b5 cxb5 49. Bb4+ Kd5 50. Rxe7 gxh4 51. Kxh4 Nxd4 52. Rd7+ Kc4 53. Rc7+ Kb3 54. Kh3 Re8 55. f4 Re3 56. Kh4 Nf5+ 57. Kxh5 Rxg3 58. Rc5 Ng7+ 59. Kh6 Ka4 60. Rc6 Nf5+ 61. Kh5 Ng7+ 62. Kh6 Ne8 63. Re6 Nc7 64. Rxf6 Nd5 65. Ra6+ Kb3 66. f5 Kc4 67. Bf8 Kd4 68. f6 Ke5 69. f7 Rf3 70. Bg7+ 1-0

[Event "Sada Coruna op"]
[Site "Sada"]
[Date "2022.09.10"]
[Round "8"]
[White "Lopez Gonzalez, Alfonso"]
[Black "Aranda Marin, Cristian"]
[Result "1/2-1/2"]
[WhiteElo "2264"]
[BlackElo "2332"]
[PlyCount "53"]
[EventDate "2022.09.04"]
[EventType "swiss"]
[EventRounds "9"]
[EventCountry "ESP"]
[SourceTitle "CBM 210 Extra"]
[Source "ChessBase"]
[SourceDate "2022.11.30"]
[SourceVersion "1"]
[SourceVersionDate "2022.11.30"]
[SourceQuality "1"]

1. d4 Nf6 2. c4 c5 3. d5 b5 4. cxb5 a6 5. bxa6 g6 6. Nc3 Bxa6 7. e4 Bxf1 8. Kxf1 d6 9. Nge2 Bg7 10. h3 0-0 11. Kg1 Nbd7 12. Kh2 Qa5 13. Qc2 Rfb8 14. Rd1 Ne8 15. Bg5 Rb7 16. Rab1 Rab8 17. b3 Qa6 18. a4 h6 19. Be3 Nc7 20. Na2 Ra8 21. Nec3 Rab8 22. Ne2 Kh7 23. Nec3 Kg8 24. Rb2 Nb6 25. Rbb1 Nd7 26. Ne2 Kh7 27. Nec3 1/2-1/2

[Event "Sada Coruna op"]
[Site "Sada"]
[Date "2022.09.08"]
[Round "6"]
[White "Aranda Marin, Cristian"]
[Black "Pena Torres, Jose Carlos"]
[Result "1-0"]
[WhiteElo "2332"]
[BlackElo "2061"]
[PlyCount "49"]
[EventDate "2022.09.04"]
[EventType "swiss"]
[EventRounds "9"]
[EventCountry "ESP"]
[SourceTitle "CBM 210 Extra"]
[Source "ChessBase"]
[SourceDate "2022.11.30"]
[SourceVersion "1"]
[SourceVersionDate "2022.11.30"]
[SourceQuality "1"]

1. e4 e6 2. d4 d5 3. Nc3 Bb4 4. Qd3 dxe4 5. Qxe4 Nc6 6. Nf3 Nf6 7. Qh4 Ne7 8. Bd3 Nf5 9. Bxf5 exf5 10. Bg5 Be7 11. 0-0-0 0-0 12. Rhe1 Be6 13. d5 Bd7 14. d6 cxd6 15. Rxe7 Qxe7 16. Re1 Qxe1+ 17. Nxe1 Ne4 18. Nd5 Nxg5 19. Qxg5 f6 20. Qg3 Rae8 21. Nd3 Re6 22. N3f4 Re1+ 23. Kd2 Re5 24. Qb3 Bc6 25. Ne7+ 1-0

[Event "Sada Coruna op"]
[Site "Sada"]
[Date "2022.09.06"]
[Round "4"]
[White "Aranda Marin, Cristian"]
[Black "Martinez Reyes, Pedro Ramon"]
[Result "1/2-1/2"]
[WhiteElo "2332"]
[BlackElo "2386"]
[PlyCount "40"]
[EventDate "2022.09.04"]
[EventType "swiss"]
[EventRounds "9"]
[EventCountry "ESP"]
[SourceTitle "CBM 210 Extra"]
[Source "ChessBase"]
[SourceDate "2022.11.30"]
[SourceVersion "1"]
[SourceVersionDate "2022.11.30"]
[SourceQuality "1"]

1. d4 d5 2. Nf3 Nf6 3. c4 dxc4 4. Nc3 c5 5. e3 e6 6. Bxc4 Nc6 7. 0-0 Be7 8. Qe2 cxd4 9. Rd1 0-0 10. exd4 Na5 11. Bd3 b6 12. Ne5 Bb7 13. Bg5 Nd5 14. Qh5 g6 15. Nxg6 fxg6 16. Bxg6 hxg6 17. Qxg6+ Kh8 18. Qh6+ Kg8 19. Qg6+ Kh8 20. Qh6+ Kg8 1/2-1/2

[Event "Sada Coruna op"]
[Site "Sada"]
[Date "2022.09.04"]
[Round "1"]
[White "Diniz Lopez, Sergio"]
[Black "Aranda Marin, Cristian"]
[Result "0-1"]
[WhiteElo "1615"]
[BlackElo "2332"]
[PlyCount "102"]
[EventDate "2022.09.04"]
[EventType "swiss"]
[EventRounds "9"]
[EventCountry "ESP"]
[SourceTitle "CBM 210 Extra"]
[Source "ChessBase"]
[SourceDate "2022.11.30"]
[SourceVersion "1"]
[SourceVersionDate "2022.11.30"]
[SourceQuality "1"]

1. d4 e6 2. Nf3 c5 3. e3 Nf6 4. Nbd2 Nc6 5. c3 b6 6. Bd3 Bb7 7. 0-0 Rc8 8. Re1 Qc7 9. a3 d5 10. e4 cxd4 11. exd5 Nxd5 12. cxd4 Be7 13. Nc4 0-0 14. Nce5 Bd6 15. Bf1 Rfd8 16. Nxc6 Qxc6 17. Bg5 Be7 18. Rc1 Qd6 19. Qd2 h6 20. Rxc8 Rxc8 21. Be3 Bf6 22. Rd1 Rd8 23. Be2 Ne7 24. Ne5 Nf5 25. h3 Nxd4 26. Qxd4 Qxe5 27. Qxd8+ Bxd8 28. Rxd8+ Kh7 29. Rd7 Be4 30. Rxf7 Qxb2 31. Bc4 Qxa3 32. Bf4 Qa1+ 33. Kh2 Qd4 34. Bxe6 Qxf2 35. Bf5+ Kg8 36. Rxg7+ Kxg7 37. Be5+ Kf7 38. Bxe4 Qe3 39. Bd5+ Kg6 40. Bc7 a5 41. h4 Qd4 42. h5+ Kxh5 43. Bf7+ Kg5 44. g3 Qf2+ 45. Kh3 Qf1+ 46. Kh2 Qxf7 47. Bf4+ Kg4 48. Be3 Qa2+ 49. Kh1 Kh3 50. Bf2 Qd5+ 51. Kg1 Qg2# 0-1

[Event "Madrid-ch final"]
[Site "Madrid"]
[Date "2020.07.22"]
[Round "5"]
[White "Aranda Marin, Cristian"]
[Black "Martinez Reyes, Pedro Ramon"]
[Result "1/2-1/2"]
[WhiteElo "2353"]
[BlackElo "2416"]
[PlyCount "109"]
[EventDate "2020.07.18"]
[EventType "swiss"]
[EventRounds "7"]
[EventCountry "ESP"]
[SourceTitle "EXT 2021"]
[Source "ChessBase"]
[SourceDate "2020.10.23"]
[SourceVersion "1"]
[SourceVersionDate "2020.10.23"]
[SourceQuality "1"]

1. Nf3 Nf6 2. c4 b6 3. g3 Bb7 4. Bg2 e6 5. 0-0 Be7 6. d4 0-0 7. Qd3 Na6 8. Nc3 d5 9. cxd5 Nb4 10. Qb1 Nbxd5 11. Nxd5 Bxd5 12. Bg5 Be4 13. Qc1 h6 14. Bxf6 Bxf6 15. Rd1 Qd7 16. Ne1 Bxg2 17. Nxg2 Qb5 18. e4 c5 19. e5 Bg5 20. f4 Be7 21. d5 exd5 22. Rxd5 Rfd8 23. Ne3 Qe2 24. Qc3 c4 25. Re1 Qf3 26. Rf1 Qe4 27. Rxd8+ Rxd8 28. Ng2 Qe2 29. Re1 Bc5+ 30. Kh1 Qf2 31. Qxc4 Rd2 32. Qe4 Qd4 33. Qxd4 Bxd4 34. f5 Rxb2 35. e6 Kf8 36. Nf4 Rxa2 37. Re4 Bc5 38. Nd5 Be7 39. Rc4 Bc5 40. e7+ Ke8 41. Re4 Bd6 42. f6 g5 43. Rc4 Re2 44. Rc8+ Kd7 45. Rd8+ Kc6 46. Nc3 Re1+ 47. Kg2 Bxe7 48. fxe7 Rxe7 49. Rc8+ Kb7 50. Rh8 Rc7 51. Nb5 Rc2+ 52. Kh3 Ka6 53. Nd6 Rc3 54. Kg2 Rc2+ 55. Kh3 1/2-1/2

[Event "Madrid-ch final"]
[Site "Madrid"]
[Date "2020.07.20"]
[Round "3"]
[White "Perez Gonzalez, Jose Manuel"]
[Black "Aranda Marin, Cristian"]
[Result "0-1"]
[WhiteElo "2177"]
[BlackElo "2353"]
[PlyCount "72"]
[EventDate "2020.07.18"]
[EventType "swiss"]
[EventRounds "7"]
[EventCountry "ESP"]
[SourceTitle "EXT 2021"]
[Source "ChessBase"]
[SourceDate "2020.10.23"]
[SourceVersion "1"]
[SourceVersionDate "2020.10.23"]
[SourceQuality "1"]

1. e4 c5 2. Nf3 d6 3. d4 cxd4 4. Nxd4 Nf6 5. Nc3 Nc6 6. Bc4 Bd7 7. Bb3 g6 8. f3 Nxd4 9. Qxd4 Bg7 10. Bg5 0-0 11. 0-0-0 a5 12. a4 b5 13. Qe3 bxa4 14. Bxa4 Bxa4 15. Nxa4 Qc7 16. Rd3 Rab8 17. b3 Rfe8 18. e5 dxe5 19. Rhd1 e4 20. fxe4 Rb4 21. Qc5 Qb8 22. Qxa5 Rb5 23. Qd8 Rxg5 24. Qxb8 Rxb8 25. Rd8+ Rxd8 26. Rxd8+ Bf8 27. c4 Kg7 28. c5 Re5 29. b4 Rxe4 30. b5 Rxa4 31. c6 Rb4 32. Rd2 Ne8 33. Rb2 Rc4+ 34. Rc2 Nd6 35. b6 Rb4 36. b7 Nxb7 0-1

[Event "Madrid-ch final"]
[Site "Madrid"]
[Date "2020.07.18"]
[Round "1"]
[White "Pablos Tenrero, Raquel"]
[Black "Aranda Marin, Cristian"]
[Result "0-1"]
[WhiteElo "2042"]
[BlackElo "2353"]
[PlyCount "98"]
[EventDate "2020.07.18"]
[EventType "swiss"]
[EventRounds "7"]
[EventCountry "ESP"]
[SourceTitle "EXT 2021"]
[Source "ChessBase"]
[SourceDate "2020.10.23"]
[SourceVersion "1"]
[SourceVersionDate "2020.10.23"]
[SourceQuality "1"]

1. d4 Nf6 2. Nc3 d5 3. Bf4 a6 4. e3 e6 5. Bd3 c5 6. dxc5 Bxc5 7. Nf3 b5 8. 0-0 Bb7 9. Qe2 Nbd7 10. Ne5 Nxe5 11. Bxe5 b4 12. Nb1 Bd6 13. Bxd6 Qxd6 14. Nd2 0-0 15. a3 a5 16. axb4 axb4 17. e4 Rxa1 18. Rxa1 dxe4 19. Nxe4 Bxe4 20. Bxe4 Qd4 21. Bd3 Qxb2 22. Qe1 Qd4 23. Rb1 Rb8 24. Rb3 Nd5 25. Qe4 Qxe4 26. Bxe4 Nc3 27. Bd3 Kf8 28. h4 h6 29. f3 Ke7 30. Kf2 Kd6 31. Ke3 Kc5 32. Kf4 Kd4 33. g4 e5+ 34. Kg3 g5 35. Bf5 Kd5 36. Kh3 Ra8 37. hxg5 hxg5 38. Kg3 Ra3 39. Rb2 Ra1 40. Bd3 Rd1 41. Bf5 Rd2 42. Bd3 f6 43. Kh3 Rd1 44. Kg3 Rg1+ 45. Kh2 Rb1 46. Rxb1 Nxb1 47. Kg2 Kd4 48. Kf2 b3 49. Ke2 Nc3+ 0-1

[Event "Titled Tuesday intern op 2nd Dec"]
[Site "Chess.com INT"]
[Date "2017.12.05"]
[Round "4"]
[White "Abdusattorov, Nodirbek"]
[Black "Aranda Marin, Cristian"]
[Result "1-0"]
[WhiteElo "2516"]
[BlackElo "2313"]
[PlyCount "51"]
[EventDate "2017.12.05"]
[EventType "swiss (blitz)"]
[EventRounds "10"]
[EventCountry "USA"]
[SourceTitle "EXT 2021"]
[Source "ChessBase"]
[SourceDate "2020.10.23"]
[SourceVersion "1"]
[SourceVersionDate "2020.10.23"]
[SourceQuality "1"]

1. d4 e6 2. e4 d5 3. Nd2 Nc6 4. Ngf3 Nf6 5. e5 Nd7 6. Bd3 Nb4 7. Be2 c5 8. c3 Nc6 9. Bd3 cxd4 10. cxd4 f6 11. exf6 Qxf6 12. Nf1 Bd6 13. Ne3 0-0 14. 0-0 b6 15. Ng4 Qf7 16. Bxh7+ Kxh7 17. Ng5+ Kg8 18. Nxf7 Rxf7 19. Be3 Bb7 20. f4 Ne7 21. Ne5 Nxe5 22. fxe5 Rxf1+ 23. Qxf1 Bc7 24. Qb5 Rd8 25. Rc1 Bb8 26. Bg5 1-0

[Event "Collado Villalba op-A 34th"]
[Site "Collado Villalba"]
[Date "2017.08.24"]
[Round "3"]
[White "Moreno Ruiz, Javier"]
[Black "Aranda Marin, Cristian"]
[Result "1/2-1/2"]
[WhiteElo "2460"]
[BlackElo "2263"]
[PlyCount "140"]
[EventDate "2017.08.22"]
[EventType "swiss"]
[EventRounds "9"]
[EventCountry "ESP"]
[SourceTitle "CBM 180 Extra"]
[Source "ChessBase"]
[SourceDate "2017.10.06"]
[SourceVersion "1"]
[SourceVersionDate "2017.10.06"]
[SourceQuality "1"]

1. d4 Nf6 2. c4 e6 3. Nc3 Bb4 4. Qc2 b6 5. e4 c5 6. e5 cxd4 7. a3 Bxc3+ 8. bxc3 Ng8 9. cxd4 Bb7 10. Nf3 Ne7 11. Bd3 Nbc6 12. 0-0 Rc8 13. Bd2 h6 14. Bc3 0-0 15. Qe2 Na5 16. Bxa5 bxa5 17. Rab1 Ba8 18. Rfc1 Qc7 19. Be4 Bxe4 20. Qxe4 Rb8 21. Qc2 Rfc8 22. h4 Nf5 23. h5 Rxb1 24. Qxb1 Rb8 25. Qc2 Qb7 26. d5 Ne7 27. dxe6 dxe6 28. Rd1 Qc7 29. Qd3 Rc8 30. Qd7 Nc6 31. Rd6 Kf8 32. Kh2 a4 33. Kg3 Qxd7 34. Rxd7 a6 35. c5 Ke8 36. Rb7 Nd8 37. Rb4 Rxc5 38. Rxa4 a5 39. Kf4 Nc6 40. g4 Ke7 41. Re4 Rc2 42. Kg3 Rc3 43. a4 Ra3 44. Kg2 Nb4 45. Nd4 Rxa4 46. Nc6+ Kd7 47. Nxa5 Rxa5 48. Rxb4 Rxe5 49. Rb7+ Ke8 50. Kg3 Rd5 51. f3 Rd7 52. Rb8+ Ke7 53. Rb5 Kf6 54. Ra5 Rd6 55. Ra7 e5 56. Rb7 Re6 57. Ra7 Re7 58. Ra6+ Kg5 59. Rb6 g6 60. hxg6 fxg6 61. Rb5 Re6 62. Ra5 Kf6 63. Ra7 h5 64. gxh5 gxh5 65. Kh4 Kf5 66. Ra4 Rd6 67. Kxh5 Rd4 68. Ra8 Kf4 69. Rf8+ Kg3 70. Rf5 Rf4 1/2-1/2

[Event "Ourense Campus 4th"]
[Site "Ourense"]
[Date "2017.07.02"]
[Round "2.4"]
[White "Aranda Marin, Cristian"]
[Black "Larino Nieto, David"]
[Result "0-1"]
[WhiteElo "2266"]
[BlackElo "2495"]
[PlyCount "54"]
[EventDate "2017.07.01"]
[EventType "swiss"]
[EventRounds "9"]
[EventCountry "ESP"]
[SourceTitle "EXT 2024"]
[Source "ChessBase"]
[SourceDate "2023.10.10"]
[SourceVersion "1"]
[SourceVersionDate "2023.10.10"]
[SourceQuality "1"]

1. Nf3 e6 2. d4 Nf6 3. Bg5 c5 4. e3 h6 5. Bh4 Qb6 6. Nbd2 cxd4 7. Bxf6 gxf6 8. exd4 Qxb2 9. Bd3 Nc6 10. Rb1 Qxa2 11. 0-0 Qa5 12. Rb5 Qc7 13. d5 Ne5 14. Ne4 f5 15. Nf6+ Kd8 16. Nxe5 Qxe5 17. dxe6 Qxf6 18. exd7 Bxd7 19. Rd5 Bd6 20. Bxf5 Kc7 21. Bxd7 Kxd7 22. Qd3 Rad8 23. Rd1 Kc7 24. c4 Bb4 25. Qg3+ Kc8 26. Qg4+ Kb8 27. Qg3+ Ka8 0-1

[Event "Tres Cantos op 9th"]
[Site "Tres Cantos"]
[Date "2017.06.26"]
[Round "5"]
[White "Aranda Marin, Cristian"]
[Black "Perez Ordonez, Jose Ramon"]
[Result "1-0"]
[WhiteElo "2266"]
[BlackElo "2005"]
[PlyCount "81"]
[EventDate "2017.06.22"]
[EventType "swiss"]
[EventRounds "9"]
[EventCountry "ESP"]
[SourceTitle "EXT 2019"]
[Source "ChessBase"]
[SourceDate "2018.10.10"]
[SourceVersion "1"]
[SourceVersionDate "2018.10.10"]
[SourceQuality "1"]

1. e4 c5 2. g3 Nc6 3. Bg2 g6 4. Ne2 Bg7 5. c3 e5 6. d3 Nge7 7. Be3 d6 8. 0-0 0-0 9. Qd2 Be6 10. Na3 f5 11. f4 b6 12. exf5 gxf5 13. Kh1 Qd7 14. Ng1 Rae8 15. Nf3 Kh8 16. Ng5 Bd5 17. Nc2 Bxg2+ 18. Qxg2 h6 19. Qh3 Kg8 20. Nf3 Nd5 21. Rae1 e4 22. dxe4 Rxe4 23. Bd2 Qe6 24. Nh4 b5 25. Qg2 Nde7 26. Be3 a6 27. a3 Na5 28. Nf3 Nc4 29. Bc1 d5 30. b3 Nd6 31. b4 Bxc3 32. bxc5 Rxe1 33. Ncxe1 Ne4 34. Nd3 d4 35. Nfe5 Nf6 36. Bd2 Ng4 37. Bc1 Rc8 38. h3 Nf6 39. g4 Qd5 40. Rf3 fxg4 41. hxg4 1-0

[Event "Titled Tuesday intern Qual3 18th April"]
[Site "Chess.com INT"]
[Date "2017.04.18"]
[Round "3"]
[White "Noritsyn, Sergey"]
[Black "Aranda Marin, Cristian"]
[Result "1-0"]
[WhiteElo "2097"]
[BlackElo "2266"]
[PlyCount "57"]
[EventDate "2017.04.18"]
[EventType "swiss (blitz)"]
[EventRounds "10"]
[EventCountry "USA"]
[SourceTitle "EXT 2021"]
[Source "ChessBase"]
[SourceDate "2020.10.23"]
[SourceVersion "1"]
[SourceVersionDate "2020.10.23"]
[SourceQuality "1"]

1. e4 e6 2. d4 d5 3. Nc3 Nf6 4. Bg5 Be7 5. e5 Ne4 6. Bxe7 Qxe7 7. Nxe4 dxe4 8. Ne2 c5 9. Ng3 Nc6 10. Bb5 Bd7 11. Nxe4 Nxd4 12. Bxd7+ Qxd7 13. Nd6+ Ke7 14. 0-0 Nb5 15. Qe2 Nxd6 16. Rad1 Rhd8 17. Rxd6 Qc7 18. Rfd1 Kf8 19. Qd3 Ke8 20. Qxh7 g6 21. Qh8+ Ke7 22. Qf6+ Ke8 23. R1d3 c4 24. Rh3 Rxd6 25. exd6 Qxd6 26. Rh8+ Kd7 27. Qxf7+ Kc6 28. Qf3+ Kb6 29. Rxa8 1-0

[Event "Titled Tuesday intern Qual2 11th April"]
[Site "Chess.com INT"]
[Date "2017.04.11"]
[Round "1"]
[White "Santos Latasa, Jaime"]
[Black "Aranda Marin, Cristian"]
[Result "0-1"]
[WhiteElo "2565"]
[BlackElo "2266"]
[PlyCount "76"]
[EventDate "2017.04.11"]
[EventType "swiss (blitz)"]
[EventRounds "10"]
[EventCountry "USA"]
[SourceTitle "EXT 2021"]
[Source "ChessBase"]
[SourceDate "2020.10.23"]
[SourceVersion "1"]
[SourceVersionDate "2020.10.23"]
[SourceQuality "1"]

1. e4 d6 2. d4 Nf6 3. Nc3 c6 4. f4 Qa5 5. Bd3 e5 6. Nf3 Bg4 7. Be3 Nbd7 8. h3 Bh5 9. g4 exf4 10. Bxf4 Bg6 11. Qe2 Be7 12. 0-0-0 0-0-0 13. Kb1 Rhe8 14. Qh2 Nb6 15. Rhe1 Na4 16. Nxa4 Qxa4 17. c3 Bf8 18. e5 Bxd3+ 19. Rxd3 Nd5 20. Bg5 f6 21. exf6 gxf6 22. Bc1 Qb5 23. Qc2 Rxe1 24. Nxe1 Re8 25. Nf3 Nb6 26. Qd1 h5 27. Re3 Rxe3 28. Bxe3 hxg4 29. hxg4 Nc4 30. Bc1 Qd5 31. b3 Qe4+ 32. Ka1 Nb6 33. Nh4 Nd5 34. Bd2 Ne3 35. Bxe3 Qxe3 36. c4 d5 37. Nf5 Qc3+ 38. Kb1 Ba3 0-1

[Event "Titled Tuesday intern op 3rd Jan 10am"]
[Site "Chess.com INT"]
[Date "2017.01.03"]
[Round "5"]
[White "Mohamed, Abdel Aziz"]
[Black "Aranda Marin, Cristian"]
[Result "1-0"]
[WhiteElo "1429"]
[BlackElo "2316"]
[PlyCount "57"]
[EventDate "2017.01.03"]
[EventType "swiss (blitz)"]
[EventRounds "9"]
[EventCountry "USA"]
[SourceTitle "EXT 2021"]
[Source "ChessBase"]
[SourceDate "2020.10.23"]
[SourceVersion "1"]
[SourceVersionDate "2020.10.23"]
[SourceQuality "1"]

1. e4 e6 2. d4 d5 3. exd5 exd5 4. Bd3 Bd6 5. Nf3 Ne7 6. 0-0 Nbc6 7. c3 Bg4 8. Re1 Qd7 9. b4 0-0-0 10. a4 f6 11. a5 g5 12. b5 Nb8 13. b6 a6 14. bxc7 Qxc7 15. Nbd2 Bxh2+ 16. Kh1 Bd6 17. c4 Bb4 18. Ba3 Bxf3 19. gxf3 Bxa3 20. Rxa3 Nbc6 21. cxd5 Nxd5 22. Be4 Qf4 23. Nc4 Qh4+ 24. Kg1 Nf4 25. Bf5+ Kb8 26. Nb6 Nxd4 27. Bd7 Nfe2+ 28. Rxe2 Nxf3+ 29. Rxf3 1-0

[Event "La Pobla de Lillet op 27th"]
[Site "La Pobla de Lillet"]
[Date "2017.??.??"]
[Round "6"]
[White "Aranda Marin, Cristian"]
[Black "Munoz Pantoja, Miguel Angel"]
[Result "0-1"]
[WhiteElo "2316"]
[BlackElo "2486"]
[PlyCount "48"]
[EventDate "2017.08.01"]
[EventType "swiss"]
[EventRounds "9"]
[EventCountry "ESP"]
[SourceTitle "CBM 179 Extra"]
[Source "ChessBase"]
[SourceDate "2017.08.23"]
[SourceVersion "1"]
[SourceVersionDate "2017.08.23"]
[SourceQuality "1"]

1. e4 d5 2. exd5 Qxd5 3. Nc3 Qa5 4. d4 Nf6 5. Bc4 Nc6 6. Nge2 Bg4 7. f3 Be6 8. Bxe6 fxe6 9. 0-0 0-0-0 10. Qd3 e5 11. Qf5+ Kb8 12. dxe5 g6 13. Qe6 Qxe5 14. Qxe5 Nxe5 15. b3 Nc6 16. Be3 Bg7 17. Rad1 Nb4 18. Nd4 Nh5 19. Nce2 Bf6 20. a3 Nd5 21. Bf2 Nhf4 22. Nxf4 Nxf4 23. Rfe1 c5 24. Bg3 Rxd4 0-1